[Event "Montcalm IV 2014-15"]
[Site "Quebec"]
[Date "2015.01.22"]
[Round "3"]
[White "Cummins, Paul"]
[Black "Theriault, Francis"]
[Result "1-0"]
[WhiteElo "1828"]
[BlackElo "1621"]
[PlyCount "23"]
[EventDate "2015.01.09"]
[EventType "swiss"]
[EventRounds "5"]
[EventCountry "CAN"]
[SourceTitle "EXT 2019"]
[Source "ChessBase"]
[SourceDate "2018.10.10"]
[SourceVersion "1"]
[SourceVersionDate "2018.10.10"]
[SourceQuality "1"]

1. e4 d6 2. d4 Nf6 3. Nc3 g6 4. f4 Bg7 5. Nf3 0-0 6. Bd3 c5 7. e5 Nfd7 8. e6 fxe6 9. Ng5 cxd4 10. Nce4 Nb6 11. Nxh7 Nd5 12. Nxf8 1-0

[Event "Quebec Montcalm op 6th"]
[Site "Quebec"]
[Date "2004.04.08"]
[Round "3"]
[White "Theriault, Francis"]
[Black "Bourassa, Andre"]
[Result "1/2-1/2"]
[WhiteElo "1696"]
[BlackElo "1679"]
[PlyCount "62"]
[EventDate "2004.03.25"]
[EventType "swiss"]
[EventRounds "5"]
[EventCountry "CAN"]
[SourceTitle "EXT 2005"]
[Source "ChessBase"]
[SourceDate "2004.11.15"]
[SourceVersion "1"]
[SourceVersionDate "2004.11.15"]
[SourceQuality "1"]

1. d4 d5 2. c4 e6 3. Nc3 Nf6 4. Bg5 Be7 5. e3 0-0 6. Nf3 c6 7. Qc2 Nbd7 8. cxd5 exd5 9. Bd3 h6 10. Bxf6 Nxf6 11. 0-0 Bd6 12. h3 Re8 13. Rab1 Bd7 14. b4 Qc8 15. b5 Bxh3 16. bxc6 Bxg2 17. Bf5 Bxf3 18. Bxc8 Raxc8 19. cxb7 Ng4 20. Rfc1 Rb8 21. Qf5 Bh2+ 22. Kf1 Rxe3 23. Qc8+ Re8 24. Qf5 Re3 25. Nxd5 g6 26. Rc8+ Kg7 27. Qd7 Re2 28. Qd8 Rxf2+ 29. Ke1 Re2+ 30. Kf1 Rf2+ 31. Ke1 Re2+ 1/2-1/2

[Event "Charlesbourg Le Khalif"]
[Site "Charlesbourg"]
[Date "2004.03.08"]
[Round "5"]
[White "Theriault, Francis"]
[Black "Bonneau, Daniel"]
[Result "0-1"]
[WhiteElo "1649"]
[BlackElo "1985"]
[PlyCount "60"]
[EventDate "2004.02.09"]
[EventType "swiss"]
[EventRounds "5"]
[EventCountry "CAN"]
[SourceTitle "EXT 2005"]
[Source "ChessBase"]
[SourceDate "2004.11.15"]
[SourceVersion "1"]
[SourceVersionDate "2004.11.15"]
[SourceQuality "1"]

1. d4 Nf6 2. c4 g6 3. Nc3 Bg7 4. e4 d6 5. Be2 0-0 6. Nf3 e5 7. d5 a5 8. Bg5 h6 9. Bh4 Na6 10. 0-0 Qe8 11. Nd2 h5 12. f3 Bd7 13. g4 hxg4 14. fxg4 Nh7 15. g5 f5 16. gxf6 Bxf6 17. Qe1 Qe7 18. Bxf6 Rxf6 19. Qg3 Raf8 20. Kg2 Ng5 21. Bg4 Bxg4 22. Qxg4 Rf4 23. Rxf4 Rxf4 24. Qg3 Nc5 25. Rf1 Qf6 26. h4 Rxf1 27. Nxf1 Ngxe4 28. Nxe4 Nxe4 29. Qe1 Qf4 30. Ne3 Kg7 0-1

[Event "Charlesbourg theme"]
[Site "Charlesbourg"]
[Date "2004.01.19"]
[Round "3"]
[White "Fecteau, Martin"]
[Black "Theriault, Francis"]
[Result "1-0"]
[WhiteElo "1969"]
[BlackElo "1531"]
[PlyCount "81"]
[EventDate "2004.01.??"]
[EventType "swiss"]
[EventRounds "5"]
[EventCountry "CAN"]
[SourceTitle "EXT 2005"]
[Source "ChessBase"]
[SourceDate "2004.11.15"]
[SourceVersion "1"]
[SourceVersionDate "2004.11.15"]
[SourceQuality "1"]

1. e4 d6 2. d4 Nf6 3. Nc3 g6 4. Nf3 Bg7 5. h3 c5 6. Be2 Nbd7 7. 0-0 0-0 8. e5 Ne8 9. Bf4 cxd4 10. Qxd4 Qa5 11. Nd5 e6 12. Ne7+ Kh8 13. Qc4 Nxe5 14. Bxe5 dxe5 15. Nxc8 Qd8 16. Nxa7 Rxa7 17. Qc5 Ra5 18. Qb4 Qc7 19. Rfd1 Rd5 20. c4 Rxd1+ 21. Rxd1 Kg8 22. Ng5 b6 23. Ne4 f5 24. Nd6 e4 25. Nb5 Qe5 26. Nc3 Qc5 27. Qxc5 bxc5 28. Na4 Bd4 29. b4 e5 30. Nxc5 Nc7 31. Nb3 Rd8 32. Kf1 Ne6 33. a4 Kf8 34. c5 Ke7 35. Bc4 Ra8 36. Bxe6 Kxe6 37. a5 Bc3 38. Rd6+ Ke7 39. Rb6 Rd8 40. Ke2 f4 41. a6 1-0